Statistics for Fastest Roller Coasters in the World

Click here to take the quiz!

General Stats

  • This quiz has been taken 555 times
    (441 since last reset)
  • The average score is 10 of 16

Answer Stats

Speed (mph)ContinentAnswer% Correct
128N. AmericaKingda Ka
97%
120N. AmericaTop Thrill Dragster
94%
149.1AsiaFormula Rossa
89%
95N. AmericaFury 325
78%
93N. AmericaMillennium Force
73%
111.8EuropeRed Force
72%
90N. AmericaIntimidator 305
69%
92N. AmericaLeviathan
62%
100N. AmericaSuperman: Escape from Krypton
62%
91N. AmericaOrion
60%
111.8AsiaDo-Dodonpa
56%
95AsiaSteel Dragon 2000
53%
85N. AmericaGoliath
42%
85N. AmericaTitan
31%
88.2EuropeHyperion
29%
85N. AmericaPhantom's Revenge
13%

Score Distribution

Percentile by Number Answered

Percent of People with Each Score

Your Score History

You have not taken this quiz since the last reset